000 00945nam a2200253Ia 4500
003 OSt
005 20221005105216.0
006 a|||||r|||| 00| 0
007 ta
008 221004b |||||||| |||| 00| 0 hin d
020 _a8188775118 (hbk)
_c700
024 _a97584
037 _b429/PBD, 06/02/2009, Pioneer Books Distributors
_cTextual
040 _aCRL
_cCRL
_bhin
041 _2hin
_ahin
082 _aY.2'C, 152P8
100 _aपाठक, रश्मि
245 0 _aप्राचीन भारत का सामाजिक इतिहास
246 _aPrāchīn bhārat kā sāmājik itihāsa
260 _aनई दिल्ली
_bअर्जुन पब्लिशिंग हाऊस भारत
_c2008
300 _a350पृ0
_ccm.
942 _hY.2'C, 152P8
_cTEXL
_2cc
999 _c1015125
_d1015125